000 01418nam a22003737a 4500
003 CHAP
005 20220329143716.0
008 110318s1995 mx a r 00010 spa d
010 _a100688
011 _a101660
020 _a9682980534
035 _a112348
040 _cCHAP
082 0 4 _a540
_bR61
100 1 _aRodríguez Moreno, Norma Gloria.
_998725
245 1 0 _aPrácticas de química
_c/por Norma Gloria Rodríguez Moreno, José de Jesús Gómez Díaz y José Cuitláhuac Vázquez S.
260 _aMéxico, D.F. :
_bDirección General de Educación Tecnológica Industrial,
_c1995
300 _a3v. :
_bilus.
490 0 _aDGETI
590 _aBATCH-UPD
_b10
_c20130110
_lUCH01
_h1554
590 _aBATCH-UPD
_b10
_c20130410
_lUCH01
_h0951
590 _aBATCH-UPD
_b10
_c20130914
_lUCH01
_h1159
590 _aCONVERSION
_b10
_c20130109
_lUCH01
_h1355
650 1 4 _aQuímica
_xManuales de laboratorio.
_993567
700 1 _aGómez Díaz, José de Jesús.
_949678
700 1 _aUtrera García, Efrén.
_9117114
700 1 _aVázquez S., José Cuitláhuac.
_9120505
830 0 _aDGETI
_932361
901 _aBK
942 _cLIBRO
949 _a540 R61
_bBC
_cLIBRO
_d33724002238132
_eLIBRO
_fv.1
_gDonaciØn
_h114435
_i112348
_si
949 _a540 R61
_bBC
_cLIBRO
_d33724002257827
_eLIBRO
_fv.2
_gDonaciØn
_h114843
_i112348
_so
949 _a540 R61
_bBC
_cLIBRO
_d33724002257868
_eLIBRO
_fv.3
_gDonaciØn
_h114844
_i112348
_sb
999 _c100688
_d100688